徐兰高铁沿线所有客运车站 Stations along the Xuzhou-Lanzhou High-Speed Railway - Statistics

General Stats
  • This quiz has been taken 14 times
  • The average score is 23 of 29
Answer Stats
省份 站点 % Correct
江苏 徐州东
100%
安徽 萧县北
91%
河南 商丘
91%
开封北
91%
郑州东
91%
洛阳龙门
91%
三门峡南
91%
陕西 华山北
91%
渭南北
91%
西安北
91%
咸阳西
91%
宝鸡南
91%
天水南
91%
定西北
91%
兰州西
82%
河南 永城北
73%
安徽 砀山南
73%
兰考南
73%
郑州西
73%
巩义南
73%
灵宝西
73%
杨陵南
73%
岐山
73%
秦安
73%
渑池南
64%
甘肃 东岔
64%
通渭
64%
榆中
64%
民权北
55%
No matching quizzes found
Score Distribution
Percent of People with Each Score
Percentile by Number Answered
Your Score History
You have not taken this quiz